Normal view MARC view
  • Integración económica internacional

Entry Materia

Number of records used in: 23

001 - NÚMERO DE CONTROL DEL REGISTRO

  • campo de control: 2696

003 - IDENTIFICADOR DE NUMERO DE CONTROL

  • campo de control: DLC

005 - FECHA Y HORA DE LA ÚLTIMA TRANSACCIÓN

  • campo de control: 20240913094113.0

008 - DATOS DE LONGITUD FIJA

  • campo de control de longitud fija: 240913n||acannbabn n ana |d

010 ## - NÚMERO DE CONTROL DE LA BIBLIOTECA DEL CONGRESO (LC)

  • LC control number: sh 85067394

035 ## - NÚMERO DE CONTROL DEL SISTEMA

  • Número de control del sistema: UPN10000002696

035 ## - NÚMERO DE CONTROL DEL SISTEMA

  • Número de control del sistema: (DLC)sh 85067394

035 ## - NÚMERO DE CONTROL DEL SISTEMA

  • Número de control del sistema: (DLC)5455629

035 ## - NÚMERO DE CONTROL DEL SISTEMA

  • Número de control del sistema: (DLC)sp 85067394

035 ## - NÚMERO DE CONTROL DEL SISTEMA

  • Número de control del sistema: (DLC)273449

040 ## - FUENTE DE LA CATALOGACIÓN

  • Lengua de catalogación: spa
  • Agencia de transcripción: DLC
  • Centro catalogador de origen: DLC
  • Agencia de modificación: DLC
  • Agencia de modificación: MX-MxUPN

053 #4 - NÚMERO CLASIFICADOR - BIBLIOTECA DEL CONGRESO (LC)

  • Elemento numérico de la clasificación - Número único o no. inicial del rango: HF1418.5

150 ## - ENCABEZAMIENTO - TEMÁTICO

  • Término de materia o nombre geográfico como elemento inicial: Integración económica internacional

360 ## - REFERENCIA COMPLEJA DE VÉASE ADEMÁS - MATERIA

  • Texto explicativo: subdivisión de
  • Encabezamiento al que se remite: Integración económica
  • Texto explicativo: bajo continentes y regiones. Ej.:
  • Encabezamiento al que se remite: Hispanoamérica -- Integración económica;
  • Texto explicativo: y nombres de organizaciones internacionales establecidas con objeto de consolidar economías de varios países. Ej.:
  • Encabezamiento al que se remite: Comunidad económica Europea

670 ## - FUENTE EN LA QUE SE LOCALIZARON DATOS

  • Cita de la fuente: Autoridades LC, 13 septiembre 2024 :
  • Información localizada: (International economic integration)
  • Identificador Uniforme del Recurso: https://lccn.loc.gov/sh85067394

902 ## - CATALOGADOR

  • Catalogador: BEC/011097
  • Catalogador: MaríaRobles/130924